Índice universal de la obra de José Martí / (Registro nro. 128062)

Detalles MARC
000 -LEADER
campo de control de longitud fija 00649nam a2200205 i 4500
001 - NÚMERO DE CONTROL
campo de control 128062
003 - IDENTIFICADOR DE NÚMERO DE CONTROL
campo de control ES-MaACL
005 - FECHA Y HORA DE LA ÚLTIMA TRANSACCIÓN
campo de control 20231226160444.0
008 - DATOS DE LONGITUD FIJA--INFORMACIÓN GENERAL
campo de control de longitud fija 070214s1971 xxu b |||| | spa d
080 ## - NÚMERO DE LA CLASIFICACIÓN DECIMAL UNIVERSAL
Número de la Clasificación Decimal Universal 016:929 Martí, José
100 1# - ENTRADA PRINCIPAL--NOMBRE DE PERSONA
Nombre de persona Ripoll, Carlos.
9 (RLIN) 97423
245 10 - MENCIÓN DEL TÍTULO
Título Índice universal de la obra de José Martí /
Mención de responsabilidad, etc. Carlos Ripoll.
260 ## - PUBLICACIÓN, DISTRIBUCIÓN, ETC.
Lugar de publicación, distribución, etc. New York :
Nombre del editor, distribuidor, etc. Eliseo Torres & Sons,
Fecha de publicación, distribución, etc. 1971.
300 ## - DESCRIPCIÓN FÍSICA
Extensión 263 p. ;
Dimensiones 21 cm.
490 1# - MENCIÓN DE SERIE
Mención de serie Literary studies ;
Designación de volumen o secuencia 9
600 17 - PUNTO DE ACCESO ADICIONAL DE MATERIA--NOMBRE DE PERSONA
Nombre de persona Martí, José,
Fechas asociadas al nombre 1853-1895-
Subdivisión de forma Bibliografías
Fuente del encabezamiento o término
9 (RLIN) 170937
830 1# - PUNTO DE ACCESO ADICIONAL DE SERIE-TÍTULO UNIFORME
Título uniforme Literary studies ;
Designación de volumen o secuencia 9
9 (RLIN) 186718
852 ## - LOCALIZACIÓN
Ubicación ES-MaACL
Número de control de estantería C-47043
Existencias
Estatus retirado Estado de pérdida Estado de daño No para préstamo Biblioteca de origen Biblioteca actual Ubicación en estantería Fecha de adquisición Fuente de adquisición Total de préstamos Signatura topográfica completa Código de barras Visto por última vez Precio de reemplazo Tipo de ítem Koha
        Biblioteca del Ateneo de Madrid Biblioteca del Ateneo de Madrid Depósito 2 17/01/2008     C-47043 1133380 23/02/2023 23/02/2023 Libro impreso